Football en 20 GIFS #1 - Qui marque le but ? - Statistiques

Statistiques générales
  • Ce quiz a été pris 314 fois
  • Le résultat moyen est 13 sur 20
Statistiques - réponses
Hint Réponse % Correct
Roberto Carlos
95%
Sergio Agüero
92%
Zinedine Zidane
88%
Zlatan Ibrahimović
86%
Juninho
84%
Luis Figo
81%
Ángelos Charistéas
77%
Patrice Loko
72%
Wayne Rooney
72%
Dennis Bergkamp
70%
Pauleta
66%
Tim Cahill
61%
Tony Yeboah
60%
Luka Modric
54%
David Beckham
53%
Dele Alli
51%
Joe Cole
44%
Paul Gascoigne
43%
Hakan Şükür
42%
Paolo Di Canio
27%
Aucun quiz correspondant
Distribution des résultats
% des personnes avec chaque résultat
Percentile par nombre de réponses
Votre historique - résultats
Vous n’avez pas pris ce quiz